[Event "LUX-ch U18"]
[Site "Bonnevoie"]
[Date "2000.02.28"]
[Round "3"]
[White "Mergeai, Christophe"]
[Black "Stahn, Noemi"]
[Result "1-0"]
[WhiteElo "1566"]
[BlackElo "1350"]
[PlyCount "25"]
[EventDate "2000.02.26"]
[EventType "swiss"]
[EventRounds "7"]
[EventCountry "LUX"]
[SourceTitle "EXT 2005"]
[Source "ChessBase"]
[SourceDate "2004.11.15"]
[SourceVersion "1"]
[SourceVersionDate "2004.11.15"]
[SourceQuality "1"]

1. e4 e5 2. Nf3 d6 3. Bc4 f6 4. h3 c6 5. Nc3 Be7 6. 0-0 Nh6 7. d4 exd4 8. Nxd4 Nd7 9. Ne6 Qb6 10. Nxg7+ Kf8 11. Ne6+ Ke8 12. Bxh6 Qb4 13. Qh5# 1-0